000 00343nam a2200157Ia 4500
003 IT-RoPAU
008 120407s9999 xx 000 0 und d
040 _aIT-RoPAU
040 _cIT-RoPAU
245 _aDov'รจ finito il '68?. Un bilancio per gli anni 80
245 _cAA.VV.
260 _aAres
300 _c cm
490 _v1
942 _cBK
999 _c906
_d906